Statistics for JAPAN VS CHINA

Click here to take the quiz!

General Stats

  • This quiz has been taken 85 times
  • The average score is 5 of 10

Answer Stats

QuestionAnswer% Correct
CAPITAL OF JAPANTOKYO
99%
Common language of chinaChinese
86%
AREA OF CHINA9600000 sq.km
65%
Currency of chinaRenminbi
54%
Unemployment rate of japan2.4%
43%
Population of japan13 crore
37%
Time zone of japanUtc+9
37%
Gdp per capita of china8840 usd
33%
Literacy rate of china97%
28%
Poverty rate in japan16%
14%

Score Distribution

Percentile by Number Answered

Percent of People with Each Score

Your Score History

You have not taken this quiz